书目信息 |
| 题名: |
城市园林街景设计
|
|
| 作者: | 王洪成 , 吕晨 著 | |
| 分册: | ||
| 出版信息: | 天津 天津大学出版社 2003.01 |
|
| 页数: | 170页 | |
| 开本: | 29cm | |
| 丛书名: | ||
| 单 册: | ||
| 中图分类: | TU986.1 | |
| 科图分类: | ||
| 主题词: | 园林--规划 , 公园--绿化规划 | |
| 电子资源: | ||
| ISBN: | 7-5618-1698-7 | |
| 000 | 00717nam0 2200229 45 | |
| 001 | 0334014158 | |
| 005 | 2003040309265392 | |
| 010 | @a7-5618-1698-7@d78.00CNY | |
| 100 | @a20030403d2003 km y0chiy0120 ea | |
| 101 | 0 | @achi |
| 102 | @aCN@b120000 | |
| 200 | 1 | @a城市园林街景设计@Acheng shi yuan lin jie jing she ji@d=DESIGN OF URBAN STREET LANDSCAPE@f王洪成,吕晨著@FWang Hong Cheng,Lu Chen Zhu |
| 210 | @a天津@c天津大学出版社@d2003.01 | |
| 215 | @a170页@d29cm | |
| 510 | @a=DESIGN OF URBAN STREET LANDSCAPE | |
| 606 | 0 | @a园林@x规划 |
| 606 | 0 | @a公园@x绿化规划 |
| 690 | @aTU986.1@v3 | |
| 701 | 0 | @a王洪成@AWang Hong Cheng@4著 |
| 701 | 0 | @a吕晨@ALu Chen@4著 |
| 801 | 0 | @aCN@bPFT@c20030403 |
| 905 | @dTU986.1@eW200 | |
| 城市园林街景设计=DESIGN OF URBAN STREET LANDSCAPE/王洪成,吕晨著.-天津:天津大学出版社,2003.01 |
| 170页;29cm |
| ←并列题名:=DESIGN OF URBAN STREET LANDSCAPE |
| ISBN 7-5618-1698-7:78.00CNY |
| ● |
| 相关链接 |
|
|
|
正题名:城市园林街景设计
索取号:TU986.1/W200
 
预约/预借
| 序号 | 登录号 | 条形码 | 馆藏地/架位号 | 状态 | 备注 |
| 1 | 372209 | 203722098 | 建筑与城市规划学院资料室/101建筑库 89排4列5层/ [索取号:TU986.1/W200] | 在馆 | |
| 2 | 372210 | 203722105 | 建筑与城市规划学院资料室/201建筑库 68排2列3层/ [索取号:TU986.1/W200] | 在馆 | |
| 3 | 392764 | 203927643 | 建筑库201/201建筑库 67排2列4层/ [索取号:TU986.1/W200] | 在馆 | |
| 4 | 392765 | 203927652 | 建筑库201/201建筑库 67排2列4层/ [索取号:TU986.1/W200] | 在馆 |